000 004390000a22001810004500
003 MACL
005 20150703124346.0
008 150703b xxu||||| |||| 00| 0 eng d
040 _aMACL
_cMACL
041 _aEnglish
082 _a300/MAD
100 _aMandal, Dr Ram Kishore
_9437
245 _aPoetics-East and The West
260 _bKala Prakashan
_c2006
_avARANASI
350 _a225
650 _aSociology
_919
942 _cBK
_k300
_2ddc
999 _c8262
_d8262